| 000 | 00836nam a22001577a 4500 | ||
|---|---|---|---|
| 003 | OSt | ||
| 005 | 20151007162949.0 | ||
| 008 | 151007b xxu||||| |||| 00| 0 eng d | ||
| 040 | _cRUA | ||
| 082 | _aAVM CHI 2008 B082 Or.1 | ||
| 100 |
_92314 _aCHIP, SOKKOM. |
||
| 245 | _aUse of taro leave in concentration feed on growth rate of broiler avain in the animal experimental station of royal university of agriculture, ការប្រើប្រាស់ស្លឹកត្រាវជាចំណីផ្សំលើការលូតលាស់មាន់សាច់ពូជ AVAIN នៅស្ថានីយ៍ចិញ្្ចឹមសត្វ នៃសាកលវិទ្យាល័យភូមិន្ធកសិកម្ម. | ||
| 260 |
_aphnom phen _bRUA _c2008 |
||
| 300 |
_aXI,49p. _bill. _c29cm. |
||
| 942 |
_2ddc _cAVM |
||
| 999 |
_c2180 _d2180 |
||